Escultura. Museo Nacional del Virreinato. (Record no. 2061)

MARC details
000 -CABECERA
campo de control de longitud fija 00690nam a2200193 a 4500
001 - NÚMERO DE CONTROL
campo de control BRCA_2316
005 - FECHA Y HORA DE LA ÚLTIMA TRANSACCIÓN
campo de control 20190320203746.0
008 - DATOS DE LONGITUD FIJA--INFORMACIÓN GENERAL
campo de control de longitud fija 200808s2007----mx-a---###---#000-0#spa-#
020 ## - NÚMERO INTERNACIONAL ESTÁNDAR DEL LIBRO
Número Internacional Estándar del Libro 9789680302758
050 #4 - SIGNATURA TOPOGRÁFICA DE LA BIBLIOTECA DEL CONGRESO
Número de clasificación NB253
Número de documento/Ítem .E83 2007
245 10 - MENCIÓN DE TÍTULO
Título Escultura. Museo Nacional del Virreinato.
260 ## - PUBLICACIÓN, DISTRIBUCIÓN, ETC.
Lugar de publicación, distribución, etc. México
Nombre del editor, distribuidor, etc. Asociación de Amigos del Museo Nacional del Virreinato : Gobierno del Estado de México
Fecha de publicación, distribución, etc. 2007
300 ## - DESCRIPCIÓN FÍSICA
Extensión 205 p.
Otras características físicas il. a color
Dimensiones 32 cm.
500 ## - NOTA GENERAL
Nota general Incluye lista de obra y glosario
504 ## - NOTA DE BIBLIOGRAFÍA, ETC.
Nota de bibliografía, etc. Bibliografía: p. 195-197
610 24 - PUNTO DE ACCESO ADICIONAL DE MATERIA--NOMBRE DE ENTIDAD CORPORATIVA
Nombre de entidad corporativa o nombre de jurisdicción como elemento de entrada Museo Nacional del Virreinato (Ciudad de México)
Subdivisión general Colecciones de arte
9 (RLIN) 6962
650 14 - PUNTO DE ACCESO ADICIONAL DE MATERIA--TÉRMINO DE MATERIA
Término de materia o nombre geográfico como elemento de entrada Escultura
Subdivisión geográfica México
9 (RLIN) 3562
942 ## - ELEMENTOS DE PUNTO DE ACCESO ADICIONAL (KOHA)
Fuente del sistema de clasificación o colocación Library of Congress Classification
Tipo de ítem Koha Libros
Holdings
Estado de retiro Estado de pérdida Estado dañado No para préstamo Localización permanente Ubicación/localización actual Fecha de adquisición Total de préstamos Signatura topográfica completa Código de barras Fecha visto por última vez Precio válido a partir de Tipo de ítem Koha
El ejemplar forma parte de la colección y puede ser consultado según las políticas vigentes.       Biblioteca del Museo Franz Mayer (Rogerio Casas-Alatriste) Biblioteca del Museo Franz Mayer (Rogerio Casas-Alatriste) 20/08/2008   NB253 .E83 2007 01803 22/03/2019 22/03/2019 Libros